Antenna and Wave propagation (Record no. 490560)

000 -LEADER
fixed length control field 00386nam a22001577a 4500
020 ## - INTERNATIONAL STANDARD BOOK NUMBER
International Standard Book Number 9788188458042
082 ## - DEWEY DECIMAL CLASSIFICATION NUMBER
Classification number 621.3824 GAU
100 ## - MAIN ENTRY--PERSONAL NAME
Personal name Gautam A.K
245 ## - TITLE STATEMENT
Title Antenna and Wave propagation
260 ## - PUBLICATION, DISTRIBUTION, ETC.
Place of publication, distribution, etc. New Delhi India
Name of publisher, distributor, etc. S.K. Kataria &Sons
Date of publication, distribution, etc. 2002
300 ## - PHYSICAL DESCRIPTION
Extent 508
Other physical details P.B
500 ## - GENERAL NOTE
General note Include Index
650 ## - SUBJECT ADDED ENTRY--TOPICAL TERM
Topical term or geographic name entry element Antenna Theory
700 ## - ADDED ENTRY--PERSONAL NAME
Personal name A.K. Gautam
942 ## - ADDED ENTRY ELEMENTS (KOHA)
Koha item type Book
Holdings
Withdrawn status Lost status Damaged status Not for loan Collection code Permanent Location Current Location Shelving location Date acquired Source of acquisition Cost, normal purchase price Total Checkouts Full call number Barcode Date last seen Date last checked out Price effective from Koha item type
          Central Library (CL) Central Library (CL) General Stacks 12/21/2016 Allied Book Company 398.56 2 621.3824 GAU SEECS013585 05/14/2022 02/01/2022 12/21/2016 Book
© 2023 Central Library, National University of Sciences and Technology. All Rights Reserved.